00361nam a2200133Ia 4500008004100000041000800041082001500049100001700064245006100081250001400142260002800156300003200184365001100216240624s9999 xx 000 0 und d aeng a302.35 WIL aWILSON FIONA aORGANIZATIONAL BEHAVIOUR AND WORK A CRITICAL INTRODUCTIO a(4th ed.) c2014aNew DelhibOxford axvii, : 405 : p. : cm. ; 26 cRSb31